Applications of functional analysis and operator theory /

Guardado en:
Autor Principal: Hutson, V.
Otros Autores: Pym, J. S. 1938-
Formato: Libro
Idioma:English
Publicado: London : Academic Press, 1980.
Series:Mathematics in science and engineering ; v. 146
Materias:
Etiquetas: Agregar Etiqueta
Sin Etiquetas, Sea el primero en etiquetar este registro!
LEADER 00791cam a2200241 a 4500
001 MAT.inmabb002660
008 791116s1980####enka#####b####001#0#eng##
005 20110317173214.0
245 1 0 |a Applications of functional analysis and operator theory /  |c V. Hutson and J. S. Pym. 
260 |a London :  |b Academic Press,  |c 1980. 
300 |a xi, 389 p. :  |b il. ;  |c 24 cm. 
440 0 |a Mathematics in science and engineering ;  |v v. 146 
504 |a Bibliografía: p. 371-375. 
510 4 |a MR,  |c 81i:46001 
020 |a 0123632609 
100 1 |a Hutson, V. 
700 1 |a Pym, J. S.  |q (John Sydney),  |d 1938- 
650 0 |a Functional analysis. 
650 0 |a Operator theory. 
084 |a 46-01 (46Nxx)  |2 msc2000 
010 |a  79050300  
040 |a DLC  |c DLC  |d DLC 
859 |h 46  |i H981  |p A-5094  |b BIB. MATEMATICA